LIBRARY & INFORMATION CENTRE, KCAET, TAVANUR

ONLINE PUBLIC ACCESS CATALOGUE (OPAC)

Diseases of Field Crops and Their Integrated Management (Record no. 17419)

MARC details
000 -LEADER
fixed length control field 00450nam a22001577a 4500
003 - CONTROL NUMBER IDENTIFIER
control field OSt
008 - FIXED-LENGTH DATA ELEMENTS--GENERAL INFORMATION
fixed length control field 210914b ||||| |||| 00| 0 eng d
020 ## - INTERNATIONAL STANDARD BOOK NUMBER
ISBN 9789385516283
082 ## - DEWEY DECIMAL CLASSIFICATION NUMBER
Classification number 632
Item number SAN/DI
100 ## - MAIN ENTRY--AUTHOR NAME
Personal name Sanjeev kumar
245 ## - TITLE STATEMENT
Title Diseases of Field Crops and Their Integrated Management
260 ## - PUBLICATION, DISTRIBUTION, ETC. (IMPRINT)
Place of publication New Delhi
Name of publisher NEW india Publising Agency
Year of publication 2016
300 ## - PHYSICAL DESCRIPTION
Number of Pages 450 pages
650 ## - SUBJECT ADDED ENTRY--TOPICAL TERM
Topical Term Field crops - Disesses and pests
942 ## - ADDED ENTRY ELEMENTS (KOHA)
Koha item type Books
Holdings
Withdrawn status Lost status Damaged status Home library Current library Shelving location Date acquired Cost, normal purchase price Full call number Accession Number Koha item type
      KAUAET KAUAET NAHEP-CAAST Project 07/09/2021 4295.00 632 SAN/DI 26011 Books
free website counter